Sports Quiz

Random Sports or NBA Quiz

Do you know your NBA? Quiz Stats

 Plays Quiz not verified by Sporcle

Score 0/15 Timer 04:00
0 Plays Today
Question Player or Team % Correct
Which nba player has the most triple doubles?Oscar Robertson
81.8%
Which nba player has the most titles in nba history?Bill Russell
78.4%
Who holds the spurs franchise record for points in a game?David Robinson
75%
Who won the 2013-2014 scoring title?Kevin Durant
75%
Who had the num.1 seed in the West in the 2013-2014 season?San Antonio Spurs
64.8%
Who has the most rebounds in nba history?Wilt Chamberlain
46.4%
Who won the 2013-2014 defensive player of the year?Joakim Noah
43.4%
Who was the 2014 nba all star MVP?Kyrie Irving
37.3%
Question Player or Team % Correct
Who won the 2013-2014 coach of the year award?Gregg Popovich
27.7%
Who was named most improved player of the 2013-2014 nba season?Goran Dragic
25.3%
What team won the first nba title?Philadelphia Warriors
25%
Who is the tallest current nba player?Hasheem Thabeet
25%
What owner got banned from the nba for life?Donald Sterling
22.6%
Who won the first nba dunk contest?Larry Nance
16.7%
What player from the chichago bulls got a quadruple double?Nate Thurmond
11.5%

You're not logged in!

Compare scores with friends on all Sporcle quizzes.
OR
Log In

You Might Also Like...

Show Comments

Extras

Created May 2, 2014ReportNominate
Tags:NBA Quiz, player, team

Top Quizzes Today


Score Distribution

Your Account Isn't Verified!

In order to create a playlist on Sporcle, you need to verify the email address you used during registration. Go to your Sporcle Settings to finish the process.

Report this User

Report this user for behavior that violates our Community Guidelines.

Details: